[Event "Santa Clara 1000 GM Schev4 03"]
[Site "Santa Clara"]
[Date "2024.03.11"]
[Round "5.1"]
[White "Yao, Hanchi"]
[Black "Vittorino, Carlo Giovanni"]
[Result "0-1"]
[WhiteElo "1997"]
[BlackElo "2226"]
[PlyCount "100"]
[EventDate "2024.03.06"]
[EventType "schev"]
[EventRounds "5"]
[EventCountry "USA"]
[SourceTitle "CB13_2024"]
[SourceDate "2024.03.27"]
[SourceVersion "1"]
[SourceVersionDate "2024.03.27"]
[SourceQuality "1"]

1. d4 Nf6 2. c4 e6 3. Nc3 Bb4 4. Qc2 d5 5. Bg5 h6 6. Bh4 dxc4 7. Qa4+ Nc6 8. e3 Bd7 9. Qc2 b5 10. Bxf6 Qxf6 11. g3 0-0 12. Bg2 e5 13. d5 Nd4 14. Qd1 Bf5 15. e4 Bd7 16. h3 c6 17. Nf3 cxd5 18. exd5 Bf5 19. 0-0 Bc2 20. Qc1 Nxf3+ 21. Bxf3 Qxf3 22. Qxc2 Bxc3 23. Qxc3 Qxd5 24. Rad1 Qc5 25. Rfe1 Rfe8 26. Qa5 e4 27. Kg2 e3 28. Rxe3 Rxe3 29. fxe3 Qxe3 30. Rd8+ Rxd8 31. Qxd8+ Kh7 32. Qd5 Qe2+ 33. Kg1 Qxb2 34. Qf5+ g6 35. Qxf7+ Qg7 36. Qf2 Qc7 37. Kh1 c3 38. Qc2 Qxg3 39. Qb3 Qxh3+ 40. Kg1 Qe3+ 41. Kh1 Qc1+ 42. Kh2 Qb2+ 43. Kh3 Qxb3 44. axb3 c2 45. b4 c1Q 46. Kh4 Qg5+ 47. Kh3 h5 48. Kh2 h4 49. Kh1 h3 50. Kh2 Qg2# 0-1

[Event "Santa Clara 1000 GM Schev4 03"]
[Site "Santa Clara"]
[Date "2024.03.10"]
[Round "4.1"]
[White "Montes Orozco, Miguel Angel"]
[Black "Yao, Hanchi"]
[Result "1-0"]
[WhiteElo "2152"]
[BlackElo "1997"]
[PlyCount "117"]
[EventDate "2024.03.06"]
[EventType "schev"]
[EventRounds "5"]
[EventCountry "USA"]
[SourceTitle "CB13_2024"]
[SourceDate "2024.03.27"]
[SourceVersion "1"]
[SourceVersionDate "2024.03.27"]
[SourceQuality "1"]

1. Nf3 Nf6 2. e3 e6 3. b3 b6 4. c4 c5 5. Bb2 Bb7 6. Be2 Be7 7. Nc3 0-0 8. 0-0 Nc6 9. d4 d5 10. dxc5 dxc4 11. Bxc4 Bxc5 12. Qe2 Qe7 13. e4 Nd7 14. Na4 Na5 15. Bb5 Rfd8 16. Nxc5 Nxc5 17. b4 a6 18. bxc5 axb5 19. cxb6 Qc5 20. Bd4 Rxd4 21. Nxd4 Qxd4 22. Qxb5 Qxe4 23. f3 Qd4+ 24. Kh1 Bc6 25. b7 Bxb7 26. Rfd1 Qc4 27. Qxa5 Qh4 28. Qe1 Qa4 29. Rdb1 Bd5 30. Qb4 Qxb4 31. Rxb4 Kf8 32. a4 Ke7 33. Rb6 Ra5 34. Rb5 Ra7 35. a5 Kd6 36. Rc1 h5 37. h4 g6 38. Kh2 Ke5 39. Kg3 Kf5 40. Rc6 Ke5 41. a6 Kd4 42. Rb4+ Ke5 43. Rb5 Kd4 44. Rb7 Ra8 45. Rd7 Ke5 46. Rb6 f5 47. a7 f4+ 48. Kf2 Rc8 49. Rxd5+ exd5 50. Rb8 Rc2+ 51. Kg1 Rc1+ 52. Kh2 Ra1 53. a8Q Rxa8 54. Rxa8 Kd4 55. Kg1 Kd3 56. Kf2 d4 57. Ra2 Kc3 58. Ke2 Kb3 59. Ra6 1-0

[Event "Santa Clara 1000 GM Schev4 03"]
[Site "Santa Clara"]
[Date "2024.03.10"]
[Round "3.1"]
[White "Yao, Hanchi"]
[Black "Jaquez, Juan Manuel"]
[Result "1/2-1/2"]
[WhiteElo "1997"]
[BlackElo "2170"]
[PlyCount "79"]
[EventDate "2024.03.06"]
[EventType "schev"]
[EventRounds "5"]
[EventCountry "USA"]
[SourceTitle "CB13_2024"]
[SourceDate "2024.03.27"]
[SourceVersion "1"]
[SourceVersionDate "2024.03.27"]
[SourceQuality "1"]

1. d4 Nf6 2. c4 e6 3. Nc3 Bb4 4. Qc2 c5 5. dxc5 Bxc5 6. Nf3 0-0 7. Bg5 h6 8. Bh4 Be7 9. e3 Nc6 10. Be2 d5 11. cxd5 Nb4 12. Qb3 Nbxd5 13. Nxd5 Nxd5 14. Bxe7 Qxe7 15. 0-0 b6 16. Rfd1 Bb7 17. Rac1 Rac8 18. h3 Rfd8 19. Nd4 Nf6 20. Bf3 Bxf3 21. Nxf3 Rxd1+ 22. Qxd1 Rc5 23. Rxc5 Qxc5 24. Qd8+ Kh7 25. Qd3+ g6 26. Qd4 Qxd4 27. Nxd4 Nd7 28. Kf1 Kg7 29. Ke2 e5 30. Nc2 f5 31. h4 Kf7 32. f3 Ke6 33. Kd3 Kd5 34. e4+ fxe4+ 35. fxe4+ Kd6 36. b4 a5 37. a3 Nf6 38. Ne3 axb4 39. axb4 b5 40. g3 1/2-1/2

[Event "Sunnyvale 1000 GM Thanksgiving IM2"]
[Site "Sunnyvale"]
[Date "2023.11.24"]
[Round "4"]
[White "Rey Malde, Henrique"]
[Black "Yao, Hanchi"]
[Result "0-1"]
[WhiteElo "2207"]
[BlackElo "1857"]
[PlyCount "66"]
[EventDate "2023.11.22"]
[EventType "schev"]
[EventRounds "9"]
[EventCountry "USA"]
[SourceTitle "CB48_2023"]
[SourceDate "2023.11.29"]
[SourceVersion "1"]
[SourceVersionDate "2023.11.29"]
[SourceQuality "1"]

1. e4 c5 2. Nf3 Nc6 3. d4 cxd4 4. Nxd4 Nf6 5. Nc3 d6 6. Bg5 e6 7. Qd2 a6 8. 0-0-0 h6 9. Nxc6 bxc6 10. Bf4 d5 11. Qe3 Be7 12. Be2 0-0 13. h4 Nd7 14. Bxh6 gxh6 15. Qxh6 Bf6 16. exd5 Bg7 17. Qd2 Qf6 18. g4 exd5 19. h5 Qd6 20. Rh3 Rb8 21. h6 Be5 22. Rf3 Nc5 23. Rg1 d4 24. Nd1 Ne4 25. Qd3 Bf4+ 26. Kb1 Nd2+ 27. Ka1 Nxf3 28. Qxf3 Be6 29. g5 Qd5 30. Qa3 Bh2 31. Bf3 Qf5 32. Re1 Qxc2 33. b4 Rxb4 0-1

[Event "Milpitas SJCC 1000 GM Winter"]
[Site "Milpitas"]
[Date "2023.01.21"]
[Round "2"]
[White "Yao, Hanchi"]
[Black "Pullela, Sricharan"]
[Result "1/2-1/2"]
[WhiteElo "1643"]
[BlackElo "2010"]
[PlyCount "53"]
[EventDate "2023.01.21"]
[EventType "swiss"]
[EventRounds "5"]
[EventCountry "USA"]
[SourceTitle "CBM 212 Extra"]
[Source "ChessBase"]
[SourceDate "2023.03.31"]
[SourceVersion "1"]
[SourceVersionDate "2023.03.31"]
[SourceQuality "1"]

1. d4 Nf6 2. c4 g6 3. Nc3 Bg7 4. e4 d6 5. Be2 0-0 6. Be3 Nbd7 7. f3 e5 8. d5 Nh5 9. Qd2 f5 10. 0-0-0 a5 11. g3 b6 12. Nh3 Nc5 13. g4 f4 14. Bg1 Nf6 15. Bxc5 bxc5 16. Nf2 Nd7 17. Bd3 Nb6 18. Qe2 Bd7 19. Bc2 a4 20. h4 h6 21. h5 g5 22. Kd2 Qc8 23. Rb1 Qa6 24. b3 Qa5 25. Rhc1 Rfe8 26. Qd3 Bf8 27. Nfd1 1/2-1/2